LEADER 01113nam0 22002771i 450 001 UON00287235 005 20231205103906.354 100 $a20070126d1884 |0itac50 ba 101 $afre 102 $aFR 105 $a|||| 1|||| 200 1 $aOeuvres choisies$fde Pierre Corneille$gcollationnées sur l'édition des Grands Écrivains de la France par Henri Regnier 205 $a2e éd 210 $aParis$cHachette$d1884 215 $a389 p.$cill.$d25 cm. 410 1$1001UON00287238$12001 $aBiblioteque des écoles et des familles$1210 $aParis$cHachette 620 $aFR$dParis$3UONL002984 700 1$aCorneille$bPierre$3UONV138542$0131516 702 1$aREGNIER$bHenri$3UONV165722 712 $aHachette$3UONV247610$4650 801 $aIT$bSOL$c20260306$gRICA 899 $aSIBA - SISTEMA BIBLIOTECARIO DI ATENEO E ARCHIVIO STORICO$2UONSI 912 $aUON00287235 950 $aSIBA - SISTEMA BIBLIOTECARIO DI ATENEO E ARCHIVIO STORICO$dSI III A COR $eSI SFR4631 5 996 $aOeuvres choisies$91249724 997 $aUNIOR